Указ ея императорскаго величества самодержицы всероссиискои, (Запись № 10168911)

Подробности
000 -МАРКЕР
контрольное поле 01874nam0a22003251 4500
001 - ИДЕНТИФИКАТОР ЗАПИСИ
контрольное поле RU\NLR\UK\1735
005 - ИДЕНТИФИКАТОР ВЕРСИИ
контрольное поле 20260408064834.0
035 ## - ДРУГИЕ СИСТЕМНЫЕ НОМЕРА
Идентификатор записи (NLR Aleph) 009799529
100 ## - ДАННЫЕ ОБЩЕЙ ОБРАБОТКИ
Данные общей обработки 20030129j1757 u y0rusy50 ca
101 0# - ЯЗЫК РЕСУРСА
Язык текста, звукозаписи и т.д. русский
102 ## - СТРАНА ПУБЛИКАЦИИ ИЛИ ПРОИЗВОДСТВА
Страна публикации Российская Федерация
200 1# - ЗАГЛАВИЕ И СВЕДЕНИЯ ОБ ОТВЕТСТВЕННОСТИ
Основное заглавие Указ ея императорскаго величества самодержицы всероссиискои,
Сведения, относящиеся к заглавию [О рассылке указа о присутствии при пожарных случаях членов судебных мест]
-- Правительствующаго Сената из канторы
210 ## - ПУБЛИКАЦИЯ, РАСПРОСТРАНЕНИЕ И ДР.
Место издания, распространения и т.д. [Б.м.
Дата издания, распространения и т.д. июнь 1757]
215 ## - ФИЗИЧЕСКАЯ ХАРАКТЕРИСТИКА
Специфическое обозначение материала и объем [1] л.
Размеры
300 ## - ОБЩИЕ ПРИМЕЧАНИЯ
Текст примечания Рассылка сенат. указа от июня 1757 г.
304 ## - ПРИМЕЧАНИЯ, ОТНОСЯЩИЕСЯ К ЗАГЛАВИЮ И СВЕДЕНИЯМ ОБ ОТВЕТСТВЕННОСТИ
Текст примечания Текст начинается словами: Сего июня 18 дня 1757 года, Правительствующаго Сената в канторе...
306 ## - ПРИМЕЧАНИЯ, ОТНОСЯЩИЕСЯ К ПУБЛИКАЦИИ, РАСПРОСТРАНЕНИЮ И ИСПОЛНЕНИЯ ИЗДАНИЯ
Текст примечания В конце текста дата рассылки: Июня дня, 1757 года.
316 ## - ПРИМЕЧАНИЯ ОБ ОСОБЕННОСТЯХ ЭКЗЕМПЛЯРА
Текст примечания В экз. РНБ имеются рукоп. пометы
Организация и экземпляр, к которому относится поле 123/143
316 ## - ПРИМЕЧАНИЯ ОБ ОСОБЕННОСТЯХ ЭКЗЕМПЛЯРА
Текст примечания В экз. РНБ, адресованом Соляной канторе, дата рассылки вписана от руки: Июня 27 дня, 1757 года
Организация и экземпляр, к которому относится поле 123/143
517 1# - ДРУГИЕ ВАРИАНТЫ ЗАГЛАВИЯ
Вариант заглавия Сего июня 18 дня 1757 года, Правительствующаго Сената в канторе...
702 #0 - ИМЯ ЛИЦА - ВТОРИЧНАЯ ОТВЕТСТВЕННОСТЬ
Код отношения Подписавшее лицо
Материалы, к которым относится поле rus
Графика поля Кириллица
Начальный элемент ввода Елизавета Петровна
Дополнения к именам, кроме дат императрица российская
Даты 1709-1762
Идентификатор авторитетной/нормативной записи RU\NLR\AUTH\778655
Системный номер авторитетной/нормативной записи 118551
710 01 - НАИМЕНОВАНИЕ ОРГАНИЗАЦИИ - ПЕРВИЧНАЯ ОТВЕТСТВЕННОСТЬ
Начальный элемент ввода Россия
Структурное подразделение Императрица
Идентифицирующий признак 1741-1762; Елизавета Петровна
Идентификатор авторитетной/нормативной записи RU\NLR\AUTH\8810042736
Системный номер авторитетной/нормативной записи 584915
801 #0 - ИСТОЧНИК ЗАПИСИ
Страна Российская Федерация
Организация NLR
Дата составления 20030129
852 ## - МЕСТОНАХОЖДЕНИЕ И ШИФР ХРАНЕНИЯ
Идентификатор организации NLR
Шифр хранения (Call Number) 123/143
942 ## - ДОПОЛНИТЕЛЬНЫЕ ЭЛЕМЕНТЫ ЗАПИСИ (АБИС)
Тип экземпляра АБИС Книга
980 ## - КОЛЛЕКЦИЯ
Название коллекции Национальная библиография
980 ## - КОЛЛЕКЦИЯ
Название коллекции Русская книга гражданской печати XVIII в. в библиотеках РФ
980 ## - КОЛЛЕКЦИЯ
Название коллекции Указы

Нет доступных экземпляров.